LEADER 01135nam a2200217 i 4500 001 000000057960 003 CaOOAMICUS 005 20230731104350.0 008 060705s1919 xx u000 u mul u 040 $aSeMil$bita 240 10$aVirtutum geriucaryn expositio ; Summarium addictionale ; Responsio ad novas animadversiones.$0(OLS)http://semarc/title/90263 245 10$aNova positio super virtutibus. 300 $a1 v. (varie sequenze). 500 $aContiene la lettera di convocazione della Commissione Preparatoria, indirizzata al card. Andrea Carlo Ferrari, oltre a 4 p. di appunti scritti a mano, probabilmente del medesimo cardinale. 500 $aRilegato con : 6W II 2/2 773 0 $tTaurinen. Beatificationis et Canonizationis Ven. Servi Dei Josephi Cafasso Sacerdotis Saecularis Collegii Ecclesiastici Taurinensis Moderatoris.$dRomae : Typis Guerra et Mirri, 1918-1919.$w()15964 850 $aSeMil 852 $aSeMil$W1$xVenegono$y1$m6W II 2/1$j242495$B24113$CSeMilBibl$Z2$F24116 $8I 961 $aOmaggio: Donazione 996 $6245$aNova positio super virtutibus$9(OLS)http://semarc/title/90262 LEADER 01235nam a2200241 i 4500 001 000000189055 003 CaOOAMICUS 005 20100429000000.0 008 100429s1963 fr u000 u ger u 013 $a167310 040 $aSeMil$bita 100 1 $aKörner, Franz.$0(OLS)http://semarc/name/69233 245 10$aVom Sein und Sollen des Menschen :$bdie existentialontologischen Grundlagen der Ethik in augustinischer Sicht /$cFranz Körner. 260 $aParis :$bÉtudes Augustiniennes,$c1963. 300 $aXX, 36 p. ;$c26 cm. 490 0 $aCollection d'Études augustiniennes. Série antiquité 650 4$aAgostino, Aurelio - Etica e morale.$0(OLS)http://semarc/subject/2313 650 4$aMorale - Dottrina agostiniana.$0(OLS)http://semarc/subject/35582 830 0$aCollection d'Études augustiniennes. Série antiquité.$0(OLS)http://semarc/title/9394 850 $aSeMil 852 $aSeMil$W1$xVenegono$y1$m2T V 146$j139689$B139689$CSeMilBibl$Z2$F151290 $81 996 $6245$aVom Sein und Sollen des Menschen :$bdie existentialontologischen Grundlagen der Ethik in augustinischer Sicht$9(OLS)http://semarc/title/272191 996 $6260$aParis :$bÉtudes Augustiniennes$9(OLS)http://semarc/publisher/30131